000 00272nam a22001217a 4500
008 230620b xxu||||| |||| 00| 0 eng d
082 _a322.42
_bCPK
245 _aThe Origins and Growth of Mau Mau
260 _aKenya
300 _aII,321p
440 _n5
942 _2ddc
_cBK
999 _c1838
_d1838